| 000 | 01312cam a2200289 a 4500 | ||
|---|---|---|---|
| 999 |
_c1623 _d1623 |
||
| 001 | 000853887 | ||
| 003 | OSt | ||
| 005 | 20230116112032.0 | ||
| 008 | 181127s2015 enka j b 000 f eng d | ||
| 020 |
_a9781405269117 _q(paperback) : |
||
| 040 |
_aNLE _beng _cNTL _dNTL _dKH8 _eaacr2 |
||
| 042 | _anbic | ||
| 082 | 0 | _a823.914 MOR | |
| 100 | 1 |
_aMorpurgo, Michael _eauthor. |
|
| 240 | 1 | 0 |
_aNovels. _kSelections. |
| 245 | 1 | 0 |
_aChristmas stories / _cMichael Morpurgo ; illustrated by Quentin Blake, Emma Chichester Clark, Michael Foreman, Sophie Allsopp and Helen Stephens. |
| 260 |
_aLondon : _bEgmont Limited, _cc2015. |
||
| 300 |
_a237 p. : _bill. (colour) ; _c22 cm. |
||
| 505 | 0 | _aThe best Christmas present in the world. Originally published: 2004 -- On angel wings. Originally published: 2006 -- The best of times. Originally published: 2009 -- The goose is getting fat. Originally published: 2012 -- Mimi and the mountain dragon. Originally published: 2014. | |
| 520 | _aThis book is a collection of Christmas stories written by Michael Morpurgo. | ||
| 650 | 0 | _aChristmas stories, English. | |
| 650 | 0 | _aChildren's stories, English. | |
| 700 | 1 |
_aBlake, Quentin, _eillustrator. |
|
| 700 | 1 |
_aChichester Clark, Emma, _eillustrator. |
|
| 700 | 1 |
_aForeman, Michael _d1938- _eillustrator. |
|
| 942 |
_2ddc _cNFIC |
||